<?xml version="1.0" encoding="UTF-8"?>
<record
    xmlns:xsi="http://www.w3.org/2001/XMLSchema-instance"
    xsi:schemaLocation="http://www.loc.gov/MARC21/slim http://www.loc.gov/standards/marcxml/schema/MARC21slim.xsd"
    xmlns="http://www.loc.gov/MARC21/slim">

  <leader>01388nam a2200145   4500</leader>
  <controlfield tag="008">708.009 C268t</controlfield>
  <datafield tag="020" ind1=" " ind2=" ">
    <subfield code="a">9789978328224</subfield>
  </datafield>
  <datafield tag="082" ind1=" " ind2=" ">
    <subfield code="a">708.009</subfield>
    <subfield code="b">C268t</subfield>
  </datafield>
  <datafield tag="100" ind1=" " ind2=" ">
    <subfield code="a">Cardoso, Pablo </subfield>
    <subfield code="9">3119</subfield>
  </datafield>
  <datafield tag="245" ind1=" " ind2=" ">
    <subfield code="a">Pablo Cardoso:</subfield>
    <subfield code="b">Teor&#xED;a para actuar antes de tiempo </subfield>
  </datafield>
  <datafield tag="260" ind1=" " ind2=" ">
    <subfield code="a">Quito, Ecuador </subfield>
    <subfield code="b">Hominem Editores </subfield>
    <subfield code="c">2013</subfield>
  </datafield>
  <datafield tag="300" ind1=" " ind2=" ">
    <subfield code="a">240 p. </subfield>
    <subfield code="b">il (col) </subfield>
    <subfield code="c">21,5 x 30 cm </subfield>
  </datafield>
  <datafield tag="505" ind1=" " ind2=" ">
    <subfield code="t">Palabras del Alcalde del Distrito Metropolitano de Quito </subfield>
    <subfield code="t">Pablo Cardoso: obrero sin tiempo </subfield>
    <subfield code="r">Ana Rodr&#xED;guez </subfield>
    <subfield code="t">Teor&#xED;a para actuar antes de tiempo </subfield>
    <subfield code="r">Ana Rosa Valdez </subfield>
    <subfield code="t">El ejercicio de la pintura es un acto de resistencia (Entrevista a Pablo Cardoso) </subfield>
    <subfield code="r">Ana Rosa Valdez </subfield>
    <subfield code="t">Pablo Cardoso: obras 1987 - 2013</subfield>
    <subfield code="t">Obras en papel </subfield>
    <subfield code="t">Arte de entretiempo </subfield>
    <subfield code="r">Crist&#xF3;bal Zapata </subfield>
    <subfield code="t">Antolog&#xED;a de textos cr&#xED;ticos </subfield>
    <subfield code="t">Los abismos de la piel </subfield>
    <subfield code="r">Crist&#xF3;bal Zapata </subfield>
    <subfield code="t">Tierra liminar: aproximaciones a la obra reciente de Pablo Cardoso </subfield>
    <subfield code="r">Rodolfo Kronfle Chambers</subfield>
    <subfield code="t">Pablo Cardoso: impresiones de un trayecto </subfield>
    <subfield code="r">Lupe Alvarez </subfield>
    <subfield code="t">Pablo Cardoso: de Cuenca a S&#xE3;o Paulo </subfield>
    <subfield code="r">Mar&#xED;a del Carmen Carri&#xF3;n </subfield>
    <subfield code="t">Los paisajes de la incertidumbre </subfield>
    <subfield code="r">Amalina Bomnin</subfield>
    <subfield code="t">Mi habitaci&#xF3;n da a un volc&#xE1;n </subfield>
    <subfield code="r">M&#xF3;nica Vorbeck </subfield>
    <subfield code="t">Mas all&#xE1; de la deriva: Cardoso y el peregrinaje pol&#xED;tico </subfield>
    <subfield code="r">Rodolfo Kronfle Chambers </subfield>
    <subfield code="t">Proceso y documentaci&#xF3;n </subfield>
    <subfield code="t">Recorrido por la exposici&#xF3;n </subfield>
    <subfield code="t">Trayectoria</subfield>
  </datafield>
  <datafield tag="650" ind1=" " ind2=" ">
    <subfield code="x">arte contempor&#xE1;neo </subfield>
    <subfield code="x">arte - exhibiciones </subfield>
    <subfield code="x">arte - biograf&#xED;a </subfield>
    <subfield code="x">Ecuador </subfield>
    <subfield code="9">6998</subfield>
  </datafield>
  <datafield tag="999" ind1=" " ind2=" ">
    <subfield code="c">1766</subfield>
    <subfield code="d">1766</subfield>
  </datafield>
  <datafield tag="952" ind1=" " ind2=" ">
    <subfield code="0">0</subfield>
    <subfield code="1">0</subfield>
    <subfield code="2">ddc</subfield>
    <subfield code="4">0</subfield>
    <subfield code="7">0</subfield>
    <subfield code="a">LV</subfield>
    <subfield code="b">LV</subfield>
    <subfield code="c">Monograf&#xED;as</subfield>
    <subfield code="d">2019-03-30</subfield>
    <subfield code="l">0</subfield>
    <subfield code="o">708.009 C268t</subfield>
    <subfield code="p">004690</subfield>
    <subfield code="r">2019-03-30 00:00:00</subfield>
    <subfield code="w">2019-03-30</subfield>
    <subfield code="y">01</subfield>
  </datafield>
</record>
